000
00325nam a2200157Ia 4500
003
SGT
005
20260530142737.0
082
_a
612.015
_b
B13S
100
_a
SATAYANARAYANA, U.
245
_a
BIOCHEMISTRY
250
_a
4TH
260
_b
ELSEVIER
_a
INDIA
_c
2013
300
_a
1-799
650
_a
BIOCHEMISTRY
942
_2
ddc
_c
BK
999
_c
1638
_d
1638